00497nam a2200181 a 4500001001300000003000900013005001700022008004100039020002300080082001800103100001800121245006100139260004000200300000900240500003500249650001300284700001800297nice12345678IN_TiNIC20260116014119.0130107s2012 newa grp 000 0 eng  a9788125047162c69500a301.0954bMUN aMunshi, Indra aAdivasi Questionb Issues of Land, Forest and Livelihood aNew Delhi bOrient Blackswan c2012 a406p aincludes index and biblioraphy aAdivasis1 aMunshi, Indra